La guerra del Galio

Saved in:
Bibliographic Details
Main Author: Aguilar Camín, Héctor (autor)
Format: Book
Language:Español
Subjects:
Tags: Add Tag
No Tags, Be the first to tag this record!

MARC

LEADER 00000nam^a2200000^u^4500
001 000494111
005 20250521000000.0
008 110404s1000^^^^^^^^^^^^r^^^^^000^0^eng^d
009 20260526150841.128
022 |a 9684932219 
035 |a FCE 000037493 
037 |a Acervo ITESO - Biblioteca 
041 |a spa 
082 0 4 |a 863.64  |b AGUg 
100 |a Aguilar Camín, Héctor  |e (autor) 
245 1 4 |a La guerra del Galio 
264 |a México :  |b Cal y Arena,  |c 1993. 
300 |a 590 p. 
336 |a texto  |b txt  |2 rdacontenido 
337 |a sin mediación  |b n  |2 rdamedio 
338 |a volumen  |b nc  |2 rdasoporte 
649 |a XX 
650 |a Literatura 
650 |a Novela 
650 |a Siglo veinte 
650 |a México 
910 |a Fondo Centro de Estudios Educativos 
920 |a Impresos - Libros 
930 |a Fondos Especiales 
905 |a 133 
901 |a ALE037540  |b IT2  |c CEE  |u 20250521 
902 |a https://opac.biblio.iteso.mx/vufind/Record/000494111